| 000 | 00562pab a2200205 454500 | ||
|---|---|---|---|
| 008 | 180718b2014 xxu||||| |||| 00| 0 eng d | ||
| 100 | _aDwivedi, Sulakshna | ||
| 245 | _aImpact of organizational culture on commitment of employees: An empirical study of BOP sector in India | ||
| 260 | _c2014 | ||
| 300 | _ap.77-92. | ||
| 362 | _aJul-Sep | ||
| 650 | _aOut sourcing - India | ||
| 650 | _aEmployees - India | ||
| 650 | _aOrganizational culture | ||
| 700 | _aLuxmi | ||
| 700 | _aKaushik, Sanjay | ||
| 773 | _aVikalpa | ||
| 908 | _aN | ||
| 909 | _a106272 | ||
| 999 |
_c106267 _d106267 |
||